000 03186nam2a2200277 4500
001 RU\NLR\BIBL_A\022464513
005 20250321135146.0
021 _aRU
_bКН-П-24-083177
_9КН-П-24-8289
035 _a(NLR Aleph) 022464513
090 _a13365465
_c13365465
100 _a20250220d2024 u y0rusy50 ca
101 0 _arus
_deng
102 _aRU
105 _aa z 100yy
200 0 _aВып. 6
_eматериалы VI Всероссийской научно-практической конференции "Философские, социологические и психолого-педагогические проблемы современного образования", г. Барнаул, 22–23 ноября 2024 г.
_fпод научной редакцией В. А. Скопы
210 _d2024
215 _a237 с.
_cил., цв. ил., табл.
300 _aРез. англ.
320 _aБиблиогр. в конце ст.
461 0 _1001RU\NLR\BIBL_A\012544283
_12001#$aФилософские, социологические и психолого-педагогические проблемы современного образования$eматериалы всероссийской (с международным участием) научно-практической конференции, г. Барнаул, 20-21 ноября 2020 г.$fМинистерство просвещения Российской Федерации, Федеральное государственное бюджетное образовательное учреждение высшего образования "Алтайский государственный педагогический университет" (ФГБОУ ВО "АлтГПУ")$gпод научной редакцией С.А. Ан$vВып. 6
_912409902
_cБарнаул
_d2020
_fМинистерство просвещения Российской Федерации, Федеральное государственное бюджетное образовательное учреждение высшего образования "Алтайский государственный педагогический университет" (ФГБОУ ВО "АлтГПУ")
_nФГБОУ ВО "АлтГПУ"
_oматериалы всероссийской (с международным участием) научно-практической конференции, г. Барнаул, 20-21 ноября 2020 г.
_tФилософские, социологические и психолого-педагогические проблемы современного образования
_vВып. 6
711 1 2 _a"Философские, социологические и психолого-педагогические проблемы современного образования", всероссийская научно-практическая конференция
_d6
_eБарнаул
_f2024
_92656325
_3RU\NLR\AUTH\880623957
942 _cBOOK
980 _aNB